Il terremoto di Lecco del 20 maggio 1887 / (Registro nro. 159461)

Detalles MARC
000 -LEADER
campo de control de longitud fija 00971nam a22002415i 4500
001 - NÚMERO DE CONTROL
campo de control 159461
003 - IDENTIFICADOR DE NÚMERO DE CONTROL
campo de control ES-MaACL
005 - FECHA Y HORA DE LA ÚLTIMA TRANSACCIÓN
campo de control 20250726063042.0
008 - DATOS DE LONGITUD FIJA--INFORMACIÓN GENERAL
campo de control de longitud fija 040913s1887 it |||| | ita d
040 ## - FUENTE DE CATALOGACIÓN
Centro/agencia transcriptor ES-MaACL
080 ## - NÚMERO DE LA CLASIFICACIÓN DECIMAL UNIVERSAL
Número de la Clasificación Decimal Universal 550.348.436(450)
100 1# - ENTRADA PRINCIPAL--NOMBRE DE PERSONA
Nombre de persona Mercalli, Giuseppe,
Fechas asociadas al nombre 1850-1914
Término indicativo de función/relación Autor
9 (RLIN) 129847
245 13 - MENCIÓN DEL TÍTULO
Título Il terremoto di Lecco del 20 maggio 1887 /
Mención de responsabilidad, etc. nota del prof. Giuseppe Mercalli
260 ## - PUBLICACIÓN, DISTRIBUCIÓN, ETC.
Lugar de publicación, distribución, etc. Milano :
Nombre del editor, distribuidor, etc. [s.n.],
Fecha de publicación, distribución, etc. 1887
Fabricante (Tip. Bernardoni di C. Rebeschini e C.)
300 ## - DESCRIPCIÓN FÍSICA
Extensión 8 páginas ;
Dimensiones 23 cm.
594 ## - NOTA AL TITULO Y MENCION DE RESPONSABILIDAD
Nota Tít. y autor tomados de principio de texto
595 ## - NOTA DE EDICION E HISTORIA BIBLIOGRAFICA
Nota Extracto de "Atti della Società Italiana di scienze naturalli"
650 #4 - PUNTO DE ACCESO ADICIONAL DE MATERIA--TÉRMINO DE MATERIA
Término de materia o nombre geográfico como elemento de entrada Terremotos-
Subdivisión geográfica Italia.
9 (RLIN) 136926
852 ## - LOCALIZACIÓN
Ubicación ES-MaACL
Ubicación en estantería Depósito folletos
Marcas de propiedad Ex-libris ms. de Giuseppe Mercalli
Donativo/Legado Legado de Federico de Botella y de Hornos
Número de control de estantería T-899-F-21
Encuadernación Enc. en un vol. facticio
-- Holandesa
942 ## - ELEMENTOS DE ENTRADA SECUNDARIOS (KOHA)
Tipo de ítem Koha Folleto
Suprimir en OPAC No
Existencias
Estatus retirado Estado de pérdida Fuente del sistema de clasificación o colocación Estado de daño No para préstamo Colección Biblioteca de origen Biblioteca actual Ubicación en estantería Fecha de adquisición Fuente de adquisición Total de préstamos Signatura topográfica completa Código de barras Visto por última vez Tipo de ítem Koha
    Clasificación decimal universal     Colección de folletos Biblioteca del Ateneo de Madrid Biblioteca del Ateneo de Madrid Depósito folletos 17/01/2008 Legado   T-899-F-21 1166935 23/02/2023 Folleto